000 00454nam a2200121Ia 4500
008 160712s9999 xx 000 0 und d
100 _aMedina, Jose R.
245 _cJose R. Medina
_aRebyu ng Aklat: Pag-oorganisa ng Pamayanan Tungo sa Kaunlaran na Mula Tao Para sa Tao
260 _c2013
_bDaluyan: Journal ng Wikang Filipino
300 _avol. 19 no. 1
650 _xFILIPINO
856 _uhttp://journals.upd.edu.ph/index.php/djwf/issue/view/385/showToc
999 _c297299
_d297299